[Event "English Open Championship 2024"]
[Site "Holiday Inn, 212 Abbey End, Kenilworth CV8 1ED, United Kingdom"]
[Date "2024.06.23"]
[Round "7.24"]
[White "Burrows, Martin P"]
[Black "Zhang, Junyi"]
[Result "1/2-1/2"]
[TimeControl "G90 + 30secs/move"]
[WhiteFideId "409057"]
[BlackFideId "494437"]
[WhiteElo "2019"]
[BlackElo "1962"]

1. e4 {[%clk 01:30:56]} {[%emt 00:00:03]} c5 {[%clk 01:30:58]} {[%emt
00:00:02]} 2. Nf3 {[%clk 01:31:16]} {[%emt 00:00:10]} e6 {[%clk 01:31:26]}
{[%emt 00:00:03]} 3. d3 {[%clk 01:31:30]} {[%emt 00:00:15]} Nc6 {[%emt
00:00:27]} 4. g3 {[%clk 01:31:37]} {[%emt 00:00:23]} d6 {[%clk 01:31:15]}
{[%emt 00:00:45]} 5. Bg2 {[%clk 01:31:34]} {[%emt 00:00:32]} Nf6 {[%clk
01:31:21]} {[%emt 00:00:24]} 6. O-O {[%clk 01:31:43]} {[%emt 00:00:21]} Be7
{[%clk 01:31:41]} {[%emt 00:00:10]} 7. Re1 {[%clk 01:29:08]} {[%emt 00:03:05]}
O-O {[%clk 01:30:30]} {[%emt 00:01:40]} 8. c3 {[%clk 01:29:24]} {[%emt
00:00:15]} Bd7 {[%clk 01:30:34]} {[%emt 00:00:25]} 9. d4 {[%clk 01:24:45]}
{[%emt 00:05:10]} cxd4 {[%clk 01:30:58]} {[%emt 00:00:06]} 10. cxd4 {[%clk
01:24:57]} {[%emt 00:00:18]} d5 {[%clk 01:31:25]} {[%emt 00:00:04]} 11. exd5
{[%clk 01:22:15]} {[%emt 00:03:11]} Nxd5 {[%clk 01:30:55]} {[%emt 00:01:01]} 12.
Nc3 {[%clk 01:21:44]} {[%emt 00:01:00]} Nxc3 {[%clk 01:28:17]} {[%emt
00:03:08]} 13. bxc3 {[%clk 01:22:05]} {[%emt 00:00:09]} Rc8 {[%clk 01:27:03]}
{[%emt 00:01:44]} 14. Bd2 {[%clk 01:15:19]} {[%emt 00:07:15]} Bf6 {[%clk
01:22:44]} {[%emt 00:04:51]} 15. Rb1 {[%clk 00:58:48]} {[%emt 00:17:01]} b6
{[%clk 01:16:53]} {[%emt 00:06:21]} 16. h4 {[%clk 00:54:26]} {[%emt 00:04:51]}
Na5 {[%clk 01:13:37]} {[%emt 00:03:47]} 17. Qe2 {[%clk 00:44:31]} {[%emt
00:10:24]} Nc4 {[%clk 01:10:49]} {[%emt 00:03:18]} 18. Bg5 {[%clk 00:43:31]}
{[%emt 00:01:30]} Bxg5 {[%clk 01:07:12]} {[%emt 00:04:07]} 19. Nxg5 {[%clk
00:42:50]} {[%emt 00:01:10]} h6 {[%clk 01:06:53]} {[%emt 00:00:50]} 20. Ne4
{[%clk 00:40:48]} {[%emt 00:02:32]} Bc6 {[%clk 00:55:17]} {[%emt 00:12:07]} 21.
Rb4 {[%clk 00:35:59]} {[%emt 00:05:19]} Bd5 {[%clk 00:54:49]} {[%emt 00:00:57]}
22. Nd2 {[%clk 00:32:14]} {[%emt 00:04:16]} Nxd2 {[%clk 00:52:44]} {[%emt
00:02:34]} 23. Qxd2 {[%clk 00:31:41]} {[%emt 00:01:03]} Bxg2 {[%clk 00:53:10]}
{[%emt 00:00:04]} 24. Kxg2 {[%clk 00:32:05]} {[%emt 00:00:06]} Qd5+ {[%clk
00:53:00]} {[%emt 00:00:41]} 25. Kg1 {[%clk 00:32:10]} {[%emt 00:00:25]} Rfd8
{[%clk 00:53:22]} {[%emt 00:00:07]} 26. Qb2 {[%clk 00:30:01]} {[%emt 00:02:39]}
Rc4 {[%clk 00:50:23]} {[%emt 00:03:29]} 27. Rxc4 {[%clk 00:21:53]} {[%emt
00:08:38]} Qxc4 {[%clk 00:50:34]} {[%emt 00:00:19]} 28. Qb3 {[%clk 00:22:02]}
{[%emt 00:00:21]} Rc8 {[%clk 00:50:18]} {[%emt 00:00:46]} 29. Qxc4 {[%clk
00:22:17]} {[%emt 00:00:16]} Rxc4 {[%clk 00:50:46]} {[%emt 00:00:01]} 30. Re3
{[%clk 00:22:16]} {[%emt 00:00:31]} Ra4 {[%clk 00:49:50]} {[%emt 00:01:26]} 31.
Re2 {[%clk 00:22:36]} {[%emt 00:00:10]} Rc4 {[%clk 00:50:15]} {[%emt 00:00:05]}
1/2-1/2

[Event "English Open Championship 2024"]
[Site "Holiday Inn, 212 Abbey End, Kenilworth CV8 1ED, United Kingdom"]
[Date "2024.06.23"]
[Round "7.25"]
[White "Quillaud, Maxime"]
[Black "Lishoy Gengis Paratazham, Dildarav"]
[Result "1/2-1/2"]
[TimeControl "G90 + 30secs/move"]
[WhiteFideId "343272007"]
[BlackFideId "491462"]
[WhiteElo "1932"]
[BlackElo "1969"]

1. d4 {[%clk 01:30:06]} {[%emt 00:00:53]} Nf6 {[%clk 01:30:52]} {[%emt
00:00:08]} 2. c4 {[%clk 01:30:34]} {[%emt 00:00:03]} d6 {[%clk 01:31:15]}
{[%emt 00:00:06]} 3. Nc3 {[%clk 01:30:59]} {[%emt 00:00:06]} e5 {[%clk
01:31:39]} {[%emt 00:00:05]} 4. dxe5 {[%clk 01:31:23]} {[%emt 00:00:06]} dxe5
{[%clk 01:32:04]} {[%emt 00:00:05]} 5. Qxd8+ {[%clk 01:31:50]} {[%emt
00:00:03]} Kxd8 {[%clk 01:32:29]} {[%emt 00:00:06]} 6. Nf3 {[%clk 01:32:18]}
{[%emt 00:00:02]} Nbd7 {[%clk 01:30:50]} {[%emt 00:02:08]} 7. Rg1 {[%clk
01:32:15]} {[%emt 00:00:33]} Bb4 {[%clk 01:27:43]} {[%emt 00:03:38]} 8. Bd2
{[%clk 01:31:33]} {[%emt 00:01:11]} c6 {[%clk 01:26:11]} {[%emt 00:02:02]} 9.
g4 {[%clk 01:31:12]} {[%emt 00:00:51]} Bxc3 {[%clk 01:22:39]} {[%emt 00:04:01]}
10. Bxc3 {[%clk 01:31:31]} {[%emt 00:00:12]} Re8 {[%clk 01:22:42]} {[%emt
00:00:27]} 11. Rd1 {[%clk 01:14:05]} {[%emt 00:17:57]} Kc7 {[%clk 01:19:34]}
{[%emt 00:03:37]} 12. b3 {[%clk 01:09:07]} {[%emt 00:05:28]} Ne4 {[%clk
01:03:21]} {[%emt 00:16:43]} 13. Bb2 {[%clk 01:08:57]} {[%emt 00:00:41]} b6
{[%clk 01:01:11]} {[%emt 00:02:39]} 14. g5 {[%clk 01:02:35]} {[%emt 00:06:52]}
Nec5 {[%clk 00:55:17]} {[%emt 00:06:23]} 15. Nd2 {[%clk 00:39:02]} {[%emt
00:24:03]} a5 {[%clk 00:49:40]} {[%emt 00:06:08]} 16. Bg2 {[%clk 00:34:18]}
{[%emt 00:05:15]} Bb7 {[%clk 00:43:00]} {[%emt 00:07:11]} 17. h4 {[%clk
00:29:31]} {[%emt 00:05:17]} Rad8 {[%clk 00:36:25]} {[%emt 00:07:04]} 18. Ne4
{[%clk 00:24:28]} {[%emt 00:05:33]} Nxe4 {[%clk 00:36:38]} {[%emt 00:00:18]} 19.
Bxe4 {[%clk 00:24:57]} {[%emt 00:00:01]} g6 {[%clk 00:36:43]} {[%emt 00:00:23]}
20. Bc2 {[%clk 00:19:12]} {[%emt 00:06:16]} c5 {[%clk 00:33:51]} {[%emt
00:03:22]} 21. e4 {[%clk 00:13:40]} {[%emt 00:06:02]} Nb8 {[%clk 00:29:57]}
{[%emt 00:04:24]} 22. Rxd8 {[%clk 00:11:27]} {[%emt 00:02:44]} Kxd8 {[%clk
00:30:25]} {[%emt 00:00:01]} 23. Kd2 {[%clk 00:09:18]} {[%emt 00:02:39]} Nc6
{[%clk 00:30:21]} {[%emt 00:00:33]} 24. Ke3 {[%clk 00:09:39]} {[%emt 00:00:09]}
Nd4 {[%clk 00:30:15]} {[%emt 00:00:37]} 25. Bb1 {[%clk 00:07:10]} {[%emt
00:02:59]} Kc7 {[%clk 00:30:33]} {[%emt 00:00:11]} 26. Rf1 {[%clk 00:07:13]}
{[%emt 00:00:27]} Re7 {[%clk 00:23:13]} {[%emt 00:07:51]} 27. f4 {[%clk
00:06:18]} {[%emt 00:01:26]} exf4+ {[%clk 00:23:05]} {[%emt 00:00:37]} 28. Rxf4
{[%clk 00:06:40]} {[%emt 00:00:08]} Nf5+ {[%clk 00:22:15]} {[%emt 00:01:20]} 29.
Kf2 {[%clk 00:06:56]} {[%emt 00:00:14]} Nd4 {[%clk 00:16:09]} {[%emt 00:06:36]}
30. Ke3 {[%clk 00:05:30]} {[%emt 00:01:56]} Nf5+ {[%clk 00:16:32]} {[%emt
00:00:07]} 31. Kd2 {[%clk 00:05:28]} {[%emt 00:00:32]} Rd7+ {[%clk 00:15:39]}
{[%emt 00:01:23]} 32. Ke2 {[%clk 00:05:26]} {[%emt 00:00:32]} Nd6 {[%clk
00:11:32]} {[%emt 00:04:36]} 33. Bd3 {[%clk 00:04:28]} {[%emt 00:01:28]} Re7
{[%clk 00:10:50]} {[%emt 00:01:13]} 34. Kf3 {[%clk 00:04:30]} {[%emt 00:00:28]}
Nf5 {[%clk 00:10:34]} {[%emt 00:00:47]} 35. Bf6 {[%clk 00:04:24]} {[%emt
00:00:36]} Rd7 {[%clk 00:10:45]} {[%emt 00:00:18]} 36. Be5+ {[%clk 00:04:13]}
{[%emt 00:00:41]} Kc8 {[%clk 00:11:06]} {[%emt 00:00:09]} 37. Ke2 {[%clk
00:04:03]} {[%emt 00:00:40]} Ng3+ {[%clk 00:05:56]} {[%emt 00:05:40]} 38. Ke3
{[%clk 00:04:28]} {[%emt 00:00:05]} Re7 {[%clk 00:06:13]} {[%emt 00:00:14]} 39.
Bf6 {[%clk 00:04:07]} {[%emt 00:00:50]} Re6 {[%clk 00:04:57]} {[%emt 00:01:45]}
40. Bb2 {[%clk 00:04:24]} {[%emt 00:00:14]} Re7 {[%clk 00:05:13]} {[%emt
00:00:14]} 41. Rg4 {[%clk 00:03:54]} {[%emt 00:01:01]} Nf5+ {[%clk 00:05:20]}
{[%emt 00:00:22]} 42. Kf2 {[%clk 00:03:50]} {[%emt 00:00:33]} Nd4 {[%clk
00:04:34]} {[%emt 00:01:17]} 43. Rf4 {[%clk 00:04:16]} {[%emt 00:00:03]} Kc7
{[%clk 00:04:09]} {[%emt 00:00:56]} 44. Ba1 {[%clk 00:04:13]} {[%emt 00:00:34]}
Bc8 {[%clk 00:04:12]} {[%emt 00:00:26]} 45. Bf1 {[%clk 00:03:32]} {[%emt
00:01:11]} Be6 {[%clk 00:03:59]} {[%emt 00:00:43]} 46. Bg2 {[%clk 00:03:54]}
{[%emt 00:00:08]} Rd7 {[%clk 00:04:17]} {[%emt 00:00:12]} 47. Bb2 {[%clk
00:04:04]} {[%emt 00:00:20]} a4 {[%clk 00:04:29]} {[%emt 00:00:18]} 48. Bxd4
{[%clk 00:03:08]} {[%emt 00:01:26]} Rxd4 {[%clk 00:04:10]} {[%emt 00:00:49]} 49.
Ke2 {[%clk 00:03:37]} a3 {[%clk 00:03:30]} {[%emt 00:01:10]} 50. Rf1 {[%clk
00:03:17]} {[%emt 00:00:49]} Kd6 {[%clk 00:03:38]} {[%emt 00:00:22]} 51. Ke3
{[%clk 00:03:19]} {[%emt 00:00:28]} Ke5 {[%clk 00:03:32]} {[%emt 00:00:36]} 52.
Bf3 {[%clk 00:03:47]} {[%emt 00:00:02]} Rd7 {[%clk 00:02:46]} {[%emt 00:01:16]}
53. Rc1 {[%clk 00:04:07]} {[%emt 00:00:11]} Rd4 {[%clk 00:03:02]} {[%emt
00:00:14]} 54. Rb1 {[%clk 00:03:40]} {[%emt 00:00:57]} Rd6 {[%clk 00:02:40]}
{[%emt 00:00:52]} 55. Rc1 {[%clk 00:04:03]} {[%emt 00:00:07]} 1/2-1/2

[Event "English Open Championship 2024"]
[Site "Holiday Inn, 212 Abbey End, Kenilworth CV8 1ED, United Kingdom"]
[Date "2024.06.23"]
[Round "7.26"]
[White "Gibson, Christopher A"]
[Black "Honey, Luke"]
[Result "0-1"]
[TimeControl "G90 + 30secs/move"]
[WhiteFideId "414697"]
[BlackFideId "343403425"]
[WhiteElo "1851"]
[BlackElo "2040"]

1. d4 {[%clk 01:30:56]} {[%emt 00:00:02]} d5 {[%clk 01:30:53]} {[%emt
00:00:08]} 2. c4 {[%clk 01:31:23]} {[%emt 00:00:03]} c6 {[%clk 01:31:18]}
{[%emt 00:00:05]} 3. Nf3 {[%clk 01:31:47]} {[%emt 00:00:06]} Nf6 {[%clk
01:31:43]} {[%emt 00:00:05]} 4. Nc3 {[%clk 01:32:12]} {[%emt 00:00:05]} dxc4
{[%clk 01:32:09]} {[%emt 00:00:04]} 5. a4 {[%clk 01:32:38]} {[%emt 00:00:04]}
Bf5 {[%clk 01:32:34]} {[%emt 00:00:05]} 6. e3 {[%clk 01:32:51]} {[%emt
00:00:17]} e6 {[%clk 01:33:00]} {[%emt 00:00:04]} 7. Bxc4 {[%clk 01:33:17]}
{[%emt 00:00:04]} Bb4 {[%clk 01:33:26]} {[%emt 00:00:03]} 8. O-O {[%clk
01:33:28]} {[%emt 00:00:18]} Nbd7 {[%clk 01:33:52]} {[%emt 00:00:04]} 9. Nh4
{[%clk 01:30:55]} {[%emt 00:03:03]} Bg6 {[%clk 01:34:16]} {[%emt 00:00:06]} 10.
Qe2 {[%clk 01:29:04]} {[%emt 00:02:22]} O-O {[%clk 01:31:32]} {[%emt 00:03:14]}
11. Nxg6 {[%clk 01:26:05]} {[%emt 00:03:29]} hxg6 {[%clk 01:31:34]} {[%emt
00:00:29]} 12. Rd1 {[%clk 01:22:46]} {[%emt 00:03:49]} Qc7 {[%clk 01:26:01]}
{[%emt 00:06:03]} 13. e4 {[%clk 01:11:04]} {[%emt 00:12:12]} Nb6 {[%clk
01:15:45]} {[%emt 00:10:46]} 14. Bb3 {[%clk 01:06:21]} {[%emt 00:05:12]} e5
{[%clk 01:12:56]} {[%emt 00:03:19]} 15. a5 {[%clk 00:53:21]} {[%emt 00:13:31]}
Nbd7 {[%clk 01:12:07]} {[%emt 00:01:18]} 16. d5 {[%clk 00:51:55]} {[%emt
00:01:55]} Bxa5 {[%clk 01:01:46]} {[%emt 00:10:52]} 17. d6 {[%clk 00:33:06]}
{[%emt 00:19:19]} Qd8 {[%clk 01:00:24]} {[%emt 00:01:52]} 18. Qe3 {[%clk
00:31:25]} {[%emt 00:02:11]} Bb6 {[%clk 00:59:19]} {[%emt 00:01:35]} 19. Qg5
{[%clk 00:26:29]} {[%emt 00:05:26]} Nc5 {[%clk 00:58:09]} {[%emt 00:01:39]} 20.
Bc2 {[%clk 00:21:12]} {[%emt 00:05:47]} Re8 {[%clk 00:55:02]} {[%emt 00:03:38]}
21. Qh4 {[%clk 00:17:52]} {[%emt 00:03:50]} Ne6 {[%clk 00:52:10]} {[%emt
00:03:21]} 22. Bg5 {[%clk 00:17:50]} {[%emt 00:00:32]} Nd4 {[%clk 00:49:50]}
{[%emt 00:02:49]} 23. Rac1 {[%clk 00:13:27]} {[%emt 00:04:53]} Re6 {[%clk
00:48:06]} {[%emt 00:02:14]} 24. Rd3 {[%clk 00:11:24]} {[%emt 00:02:32]} Rxd6
{[%clk 00:31:00]} {[%emt 00:17:36]} 25. Rh3 {[%clk 00:10:58]} {[%emt 00:00:56]}
Kf8 {[%clk 00:31:14]} {[%emt 00:00:18]} 26. Qh8+ {[%clk 00:10:10]} {[%emt
00:01:17]} Ke7 {[%clk 00:31:36]} {[%emt 00:00:08]} 27. Qxg7 {[%clk 00:10:16]}
{[%emt 00:00:24]} Qg8 {[%clk 00:30:30]} {[%emt 00:01:36]} 28. Qh6 {[%clk
00:09:34]} {[%emt 00:01:13]} Kd7 {[%clk 00:27:35]} {[%emt 00:03:25]} 29. Qh4
{[%clk 00:06:34]} {[%emt 00:03:29]} Nh5 {[%clk 00:26:28]} {[%emt 00:01:38]} 30.
Ba4 {[%clk 00:06:24]} {[%emt 00:00:40]} f6 {[%clk 00:17:03]} {[%emt 00:09:55]}
31. Be3 {[%clk 00:04:50]} {[%emt 00:02:03]} Re8 {[%clk 00:14:34]} {[%emt
00:02:59]} 32. Qg4+ {[%clk 00:03:42]} {[%emt 00:01:38]} Ke7 {[%clk 00:12:34]}
{[%emt 00:02:31]} 33. Bxd4 {[%clk 00:01:15]} {[%emt 00:02:57]} Rxd4 {[%clk
00:12:03]} {[%emt 00:01:01]} 34. Nd5+ {[%clk 00:00:53]} {[%emt 00:00:53]} Qxd5
{[%clk 00:07:08]} {[%emt 00:05:24]} 35. Bb3 {[%clk 00:00:43]} {[%emt 00:00:41]}
Qxe4 {[%clk 00:05:27]} {[%emt 00:02:11]} 36. Qe6+ {[%clk 00:00:42]} {[%emt
00:00:31]} Kd8 {[%clk 00:05:49]} {[%emt 00:00:07]} 37. Qf7 {[%clk 00:01:07]}
{[%emt 00:00:05]} Qf4 {[%clk 00:04:29]} {[%emt 00:01:49]} 38. Re3 {[%clk
00:00:46]} {[%emt 00:00:50]} Rd7 {[%clk 00:04:16]} {[%emt 00:00:42]} 39. Rd1
{[%clk 00:01:07]} {[%emt 00:00:11]} Rxd1+ {[%clk 00:04:32]} {[%emt 00:00:14]}
40. Bxd1 {[%clk 00:01:34]} {[%emt 00:00:03]} Bxe3 {[%clk 00:04:49]} {[%emt
00:00:12]} 0-1

[Event "English Open Championship 2024"]
[Site "Holiday Inn, 212 Abbey End, Kenilworth CV8 1ED, United Kingdom"]
[Date "2024.06.23"]
[Round "7.27"]
[White "Pink, Joshua"]
[Black "Yu, Rock"]
[Result "1-0"]
[TimeControl "G90 + 30secs/move"]
[WhiteFideId "424790"]
[BlackFideId "489000"]
[WhiteElo "1892"]
[BlackElo "1939"]

1. e4 {[%clk 01:29:40]} {[%emt 00:01:13]} e6 {[%clk 01:30:59]} {[%emt
00:00:06]} 2. Qe2 {[%clk 01:29:35]} {[%emt 00:00:36]} c5 {[%clk 01:29:50]}
{[%emt 00:01:40]} 3. Nf3 {[%clk 01:29:57]} {[%emt 00:00:06]} Nc6 {[%clk
01:29:18]} {[%emt 00:01:03]} 4. g3 {[%clk 01:30:21]} {[%emt 00:00:06]} g6
{[%clk 01:29:46]} {[%emt 00:00:03]} 5. Bg2 {[%clk 01:30:44]} {[%emt 00:00:06]}
Bg7 {[%clk 01:30:03]} {[%emt 00:00:14]} 6. O-O {[%clk 01:31:05]} {[%emt
00:00:08]} Nge7 {[%clk 01:29:17]} {[%emt 00:01:18]} 7. d3 {[%clk 01:31:25]}
{[%emt 00:00:10]} O-O {[%clk 01:29:01]} {[%emt 00:00:45]} 8. c3 {[%clk
01:31:47]} {[%emt 00:00:09]} d5 {[%clk 01:28:38]} {[%emt 00:00:54]} 9. Bg5
{[%clk 01:31:01]} {[%emt 00:01:14]} h6 {[%clk 01:21:16]} {[%emt 00:07:52]} 10.
Bd2 {[%clk 01:26:55]} {[%emt 00:04:37]} Qc7 {[%clk 01:14:36]} {[%emt 00:07:10]}
11. Na3 {[%clk 01:25:31]} {[%emt 00:01:55]} a6 {[%clk 01:12:14]} {[%emt
00:02:52]} 12. h4 {[%clk 01:24:59]} {[%emt 00:01:00]} b5 {[%clk 01:10:25]}
{[%emt 00:02:22]} 13. h5 {[%clk 01:23:58]} {[%emt 00:01:29]} g5 {[%clk
01:08:32]} {[%emt 00:02:23]} 14. Nh2 {[%clk 01:23:47]} {[%emt 00:00:39]} f5
{[%clk 01:06:30]} {[%emt 00:02:35]} 15. f4 {[%clk 01:21:01]} {[%emt 00:03:15]}
g4 {[%clk 01:05:22]} {[%emt 00:01:39]} 16. Rfe1 {[%clk 01:20:11]} {[%emt
00:01:20]} Rb8 {[%clk 01:01:03]} {[%emt 00:04:50]} 17. Nc2 {[%clk 01:18:29]}
{[%emt 00:02:11]} b4 {[%clk 00:59:52]} {[%emt 00:01:41]} 18. Rab1 {[%clk
01:15:49]} {[%emt 00:03:10]} Bd7 {[%clk 00:55:58]} {[%emt 00:04:23]} 19. cxb4
{[%clk 01:13:14]} {[%emt 00:03:06]} cxb4 {[%clk 00:54:31]} {[%emt 00:01:59]} 20.
Ne3 {[%clk 01:11:47]} {[%emt 00:01:54]} Nd4 {[%clk 00:51:27]} {[%emt 00:03:35]}
21. Qf1 {[%clk 01:09:06]} {[%emt 00:03:10]} Qd6 {[%clk 00:48:35]} {[%emt
00:03:23]} 22. Rec1 {[%clk 01:05:06]} {[%emt 00:04:29]} Bb5 {[%clk 00:43:24]}
{[%emt 00:05:12]} 23. e5 {[%clk 01:02:17]} {[%emt 00:03:47]} Qb6 {[%clk
00:43:52]} {[%emt 00:00:03]} 24. Bxb4 {[%clk 00:57:11]} {[%emt 00:05:36]} Bxd3
{[%clk 00:37:25]} {[%emt 00:06:57]} 25. Qxd3 {[%clk 00:56:42]} {[%emt
00:00:59]} Qxb4 {[%clk 00:37:54]} {[%emt 00:00:01]} 26. Qxa6 {[%clk 00:52:58]}
{[%emt 00:04:14]} Ra8 {[%clk 00:33:34]} {[%emt 00:04:51]} 27. Qd6 {[%clk
00:51:29]} {[%emt 00:01:58]} Qxd6 {[%clk 00:25:41]} {[%emt 00:08:24]} 28. exd6
{[%clk 00:51:47]} {[%emt 00:00:13]} Nc8 {[%clk 00:26:05]} {[%emt 00:00:05]} 29.
Nxd5 {[%clk 00:47:28]} {[%emt 00:04:49]} Nxd6 {[%clk 00:24:08]} {[%emt
00:02:27]} 30. Ne7+ {[%clk 00:47:19]} {[%emt 00:00:39]} Kh7 {[%clk 00:24:24]}
{[%emt 00:00:16]} 31. Bxa8 {[%clk 00:46:42]} {[%emt 00:01:07]} Ne2+ {[%clk
00:23:58]} {[%emt 00:00:55]} 32. Kg2 {[%clk 00:45:10]} {[%emt 00:02:01]} Nxc1
{[%clk 00:23:28]} {[%emt 00:01:01]} 33. Rxc1 {[%clk 00:45:16]} {[%emt
00:00:23]} Rxa8 {[%clk 00:23:53]} {[%emt 00:00:07]} 34. Rc6 {[%clk 00:43:21]}
{[%emt 00:02:24]} Ne4 {[%clk 00:21:58]} {[%emt 00:02:26]} 35. Rxe6 {[%clk
00:43:18]} {[%emt 00:00:32]} Rxa2 {[%clk 00:22:06]} {[%emt 00:00:22]} 36. Nxf5
{[%clk 00:41:46]} {[%emt 00:02:02]} Rxb2+ {[%clk 00:22:01]} {[%emt 00:00:35]}
37. Kg1 {[%clk 00:40:17]} {[%emt 00:01:59]} Rb1+ {[%clk 00:20:45]} {[%emt
00:01:46]} 38. Nf1 {[%clk 00:39:49]} {[%emt 00:00:57]} Nf6 {[%clk 00:12:03]}
{[%emt 00:09:12]} 39. Nxg7 {[%clk 00:36:53]} {[%emt 00:03:26]} Kxg7 {[%clk
00:11:42]} {[%emt 00:00:50]} 40. Re7+ {[%clk 00:37:19]} {[%emt 00:00:06]} Kf8
{[%clk 00:11:32]} {[%emt 00:00:41]} 41. Re5 {[%clk 00:37:43]} {[%emt 00:00:05]}
Rb2 {[%clk 00:11:02]} {[%emt 00:01:00]} 42. Ne3 {[%clk 00:37:08]} {[%emt
00:01:04]} Rb1+ {[%clk 00:10:07]} {[%emt 00:01:25]} 43. Kf2 {[%clk 00:37:21]}
{[%emt 00:00:14]} Rb2+ {[%clk 00:10:01]} {[%emt 00:00:39]} 44. Kf1 {[%clk
00:37:34]} {[%emt 00:00:15]} Rh2 {[%clk 00:09:03]} {[%emt 00:01:30]} 45. Rf5
{[%clk 00:33:17]} {[%emt 00:04:46]} Kg7 {[%clk 00:08:31]} {[%emt 00:01:03]} 46.
Rxf6 {[%clk 00:33:11]} {[%emt 00:00:36]} Rxh5 {[%clk 00:08:02]} {[%emt
00:00:59]} 47. Nxg4 {[%clk 00:33:04]} {[%emt 00:00:38]} Kh7 {[%clk 00:07:53]}
{[%emt 00:00:38]} 48. Rxh6+ {[%clk 00:33:20]} {[%emt 00:00:14]} 1-0

[Event "English Open Championship 2024"]
[Site "Holiday Inn, 212 Abbey End, Kenilworth CV8 1ED, United Kingdom"]
[Date "2024.06.23"]
[Round "7.28"]
[White "Mason, Donald J"]
[Black "Alldritt, Nigel Re"]
[Result "1-0"]
[TimeControl "G90 + 30secs/move"]
[WhiteFideId "405116"]
[BlackFideId "404543"]
[WhiteElo "2014"]
[BlackElo "1974"]

1. e4 {[%clk 01:30:56]} {[%emt 00:00:03]} e6 {[%clk 01:30:57]} {[%emt
00:00:04]} 2. d4 {[%clk 01:31:20]} {[%emt 00:00:06]} d5 {[%clk 01:31:23]}
{[%emt 00:00:05]} 3. e5 {[%clk 01:31:44]} {[%emt 00:00:06]} c5 {[%clk
01:31:46]} {[%emt 00:00:07]} 4. c3 {[%clk 01:32:01]} {[%emt 00:00:13]} Qb6
{[%clk 01:32:09]} {[%emt 00:00:07]} 5. Nf3 {[%clk 01:32:02]} {[%emt 00:00:29]}
Nc6 {[%clk 01:32:19]} {[%emt 00:00:19]} 6. Bd3 {[%clk 01:32:22]} {[%emt
00:00:09]} cxd4 {[%clk 01:32:18]} {[%emt 00:00:32]} 7. O-O {[%clk 01:32:23]}
{[%emt 00:00:29]} Bd7 {[%clk 01:32:16]} {[%emt 00:00:32]} 8. Re1 {[%clk
01:32:24]} {[%emt 00:00:28]} Nge7 {[%clk 01:31:13]} {[%emt 00:01:36]} 9. h4
{[%clk 01:32:32]} {[%emt 00:00:21]} h6 {[%clk 01:04:55]} {[%emt 00:26:47]} 10.
h5 {[%clk 01:30:59]} {[%emt 00:02:03]} Rc8 {[%clk 01:03:59]} {[%emt 00:01:26]}
11. Nbd2 {[%clk 01:28:40]} {[%emt 00:02:50]} g6 {[%clk 00:55:51]} {[%emt
00:08:37]} 12. Nb3 {[%clk 01:24:54]} {[%emt 00:04:16]} dxc3 {[%clk 00:52:29]}
{[%emt 00:03:53]} 13. bxc3 {[%clk 01:25:03]} {[%emt 00:00:22]} Qc7 {[%clk
00:43:31]} {[%emt 00:09:27]} 14. Nbd4 {[%clk 01:03:54]} {[%emt 00:21:39]} a6
{[%clk 00:42:31]} {[%emt 00:01:30]} 15. Rb1 {[%clk 01:00:29]} {[%emt 00:03:55]}
Nf5 {[%clk 00:39:21]} {[%emt 00:03:40]} 16. hxg6 {[%clk 00:57:10]} {[%emt
00:03:49]} fxg6 {[%clk 00:39:06]} {[%emt 00:00:46]} 17. Nxf5 {[%clk 00:48:51]}
{[%emt 00:08:48]} gxf5 {[%clk 00:37:52]} {[%emt 00:01:44]} 18. Bxf5 {[%clk
00:48:52]} {[%emt 00:00:29]} Ne7 {[%clk 00:36:56]} {[%emt 00:01:26]} 19. Bh3
{[%clk 00:42:11]} {[%emt 00:07:11]} Nc6 {[%clk 00:08:14]} {[%emt 00:29:13]} 20.
Nd4 {[%clk 00:36:26]} {[%emt 00:06:15]} Nxd4 {[%clk 00:07:56]} {[%emt
00:00:47]} 21. Qh5+ {[%clk 00:36:00]} {[%emt 00:00:55]} Kd8 {[%clk 00:06:55]}
{[%emt 00:01:31]} 22. cxd4 {[%clk 00:34:10]} {[%emt 00:02:20]} Be7 {[%clk
00:06:03]} {[%emt 00:01:22]} 23. Bd2 {[%clk 00:29:43]} {[%emt 00:04:58]} b6
{[%clk 00:02:35]} {[%emt 00:03:58]} 24. Rec1 {[%clk 00:26:07]} {[%emt
00:04:06]} Qb7 {[%clk 00:02:53]} {[%emt 00:00:12]} 25. Qg6 {[%clk 00:26:10]}
{[%emt 00:00:26]} Rc6 {[%clk 00:01:17]} {[%emt 00:02:08]} 26. Rxc6 {[%clk
00:21:07]} {[%emt 00:05:33]} Qxc6 {[%clk 00:01:40]} {[%emt 00:00:07]} 27. Rc1
{[%clk 00:21:26]} {[%emt 00:00:10]} Qa4 {[%clk 00:00:41]} {[%emt 00:01:31]} 28.
Bxe6 {[%clk 00:21:37]} {[%emt 00:00:17]} Qxd4 {[%clk 00:00:40]} {[%emt
00:00:31]} 29. Bxd7 {[%clk 00:21:45]} {[%emt 00:00:22]} Qxd2 {[%clk 00:01:01]}
{[%emt 00:00:10]} 30. Rc8+ {[%clk 00:20:28]} {[%emt 00:01:48]} 1-0